Statistics for Top-Ranked US Law Schools

Click here to take the quiz!

General Stats

  • This quiz has been taken 369 times
    (190 since last reset)
  • The average score is 31 of 50

Answer Stats

RankSchool% Correct
5 (tie)Harvard
99%
1 (tie)Yale
98%
1 (tie)Stanford
91%
14UCLA
90%
5 (tie)NYU
89%
8 (tie)Columbia
88%
4Penn
87%
10 (tie)Berkeley
85%
16 (tie)Texas
85%
20 (tie)Washington University (St. Louis)
83%
49 (tie)University of Washington
81%
13Cornell
78%
5 (tie)Duke
78%
22 (tie)Florida
78%
10 (tie)Michigan
78%
3University of Chicago
78%
16 (tie)USC
78%
22 (tie)North Carolina
77%
15Georgetown
75%
27 (tie)Boston University
73%
8 (tie)Virginia
72%
20 (tie)Georgia
71%
29 (tie)Boston College
70%
10 (tie)Northwestern
67%
16 (tie)Vanderbilt
64%
22 (tie)Ohio State
62%
40 (tie)Wisconsin
62%
45 (tie)Indiana
60%
43 (tie)Illinois
58%
16 (tie)Minnesota
58%
35 (tie)Alabama
55%
27 (tie)Notre Dame
53%
35 (tie)Emory
52%
35 (tie)George Washington
50%
35 (tie)Iowa
49%
35 (tie)UC Irvine
46%
32 (tie)Arizona State
44%
22 (tie)BYU
43%
22 (tie)Wake Forest
42%
40 (tie)Kansas
41%
32 (tie)Utah
41%
29 (tie)Texas A&M
38%
29 (tie)Fordham
34%
45 (tie)William and Mary
34%
49 (tie)Baylor
29%
43 (tie)Villanova
28%
32 (tie)George Mason
27%
45 (tie)SMU
27%
45 (tie)Pepperdine
26%
40 (tie)Washington and Lee
18%

Score Distribution

Percentile by Number Answered

Percent of People with Each Score

Your Score History

You have not taken this quiz since the last reset